| 000 | 00670nam a2200253Ia 4500 | ||
|---|---|---|---|
| 001 | 19614 | ||
| 003 | DO-CoUTE | ||
| 005 | 20260204212617.0 | ||
| 008 | 220104s9999 dr 000 0 spa d | ||
| 020 | _a978-9968-48-004-8 | ||
| 040 |
_aDO-CoUTE _bspa _cDO-CoUTE |
||
| 041 | 0 | _aspa | |
| 082 | _a304.6 B957d | ||
| 100 | 1 | _aBurgos Gómez, Elio Arturo | |
| 245 | 1 | 0 | _aDemografía / Elio Burgos Gómez |
| 260 | _aSan José, Costa Rica : Editorial Euned | ||
| 300 | _a248 páginas | ||
| 650 | 4 | _aDemografía | |
| 650 | 4 | _afecundidad Humana | |
| 650 | 4 | _aMorbilidad | |
| 942 |
_2ddc _cBK |
||
| 999 |
_c21212 _d21212 |
||